| 000 | 00736cam a22002531 4500 | ||
|---|---|---|---|
| 001 | ne 67000363 | ||
| 003 | DLC | ||
| 005 | 20260227111829.0 | ||
| 008 | 840111s1966 ua 000 0 arar | ||
| 010 | _ane 67000363 | ||
| 035 | _a(OCoLC)10289826 | ||
| 040 |
_aDLC _cTxU _dDLC |
||
| 042 | _apremarc | ||
| 050 | 0 | 0 |
_aHX550.I8 _bB37 |
| 100 | 1 | _aBārūdī, ʻAlī. | |
| 245 | 1 | 0 |
_aDurūs fī al-ishtirākīyah al-ʻArabīyah _c[taʼlīf] ʻAlī al-Bārūdī. |
| 250 | _aal-Ṭabʻah 1. | ||
| 260 |
_aal-Iskandarīyah, _bMunshaʼat al-Maʻārif, _c1966. |
||
| 300 |
_a352 p. _c24 cm. |
||
| 490 | 0 | _aDirāsāt siyāsīyah qawmīyah | |
| 504 | _aBibliographical footnotes. | ||
| 650 | 0 | _aSocialism. | |
| 650 | 0 | _aSocialism and Islam. | |
| 999 |
_c49413 _d49413 |
||